| 000 | 01228nam a2200337 i 4500 | ||
|---|---|---|---|
| 001 | bg | ||
| 100 | 1 | _aMŁYNARCZAK, Andrzej | |
| 245 | 1 | 0 |
_aModyfikowanie budowy i właściwości jedno- i wieloskładnikowych dyfuzyjnych warstw węglików chromu, wanadu i tytanu wytwarzanych na stalach metodą proszkową / _cAndrzej Młynarczak. |
| 260 |
_aPoznań : _bWydawnictwo Politechniki Poznańskiej, _c2005. |
||
| 300 |
_a127 s. : _bil. (w tym kolor.) ; _c24 cm. |
||
| 490 | 1 |
_aRozprawy / Politechnika Poznańska, _x0551-6528 ; _vnr 396 |
|
| 500 | _aStreszcz. ang. | ||
| 504 | _aBibliogr. s. 114-126. | ||
| 650 | 9 |
_aChrom _xzwiązki _xtechnologia |
|
| 650 | 9 | _aInżynieria powierzchni | |
| 650 | 9 | _aMetalurgia proszków | |
| 650 | 9 |
_aStal _xmetalurgia |
|
| 650 | 9 |
_aStal _xobróbka cieplna |
|
| 650 | 9 |
_aTytan (chem.) _xzwiązki _xtechnologia |
|
| 650 | 9 |
_aWanad _xzwiązki _xtechnologia |
|
| 650 | 9 |
_aWęgliki _xtechnologia |
|
| 830 | 0 |
_aRozprawy (Politechnika Poznańska) ; _vnr 396 |
|
| 015 | _aPB 10190/2006 | ||
| 020 | _a8371433360 | ||
| 040 | _cBPK | ||
| 041 | 0 |
_apol _beng |
|
| 080 | _a621.791/.795:621.762:669.1:546.3/.9 | ||
| 920 | _a83-7143-336-0 | ||
| 942 | _cKS | ||
| 008 | s pl f |000 0 pol | ||
| 999 |
_c51863 _d51863 |
||
| 856 |
_uhttp://koha.tu.koszalin.pl/cgi-bin/koha/opac-detail.pl?biblionumber=51863 _yKatalog online BPK |
||